000 01020nam a22001937a 4500
999 _c59016
_d59016
003 Ge_BSU
005 20221031154551.0
008 221031s2008 ge ||||| |||| 00| 0 geo d
020 _a9994025465
041 _ageo
080 _a339.9 ქ-16
100 _aქათამაძე, დავით
_92027
245 _aსაერთაშორისო ეკონომიკური ურთიერთობები = International economic relationships :
_bთეორია და პრაქტიკა : დამხმ. სახელმძღვ. /
264 _aბათუმი :
_bშოთა რუსთაველის სახელმწ. უნ-ტის გამ-ბა და სტ
_c2008.
300 _a400გვ. ;
_b20სმ.
504 _aბიბლიოგრ. ტექსტ. შენიშვნ. და გვ. 393-399.
653 _aსაერთაშორისო ეკონომიკური ურთიერთობები
942 _2udc
_cBK